Paradigm shift : The new promise of information technology

This easy-to-read, non-technical book examines and synthesizes the lessons of leading edge companies grappling with seven revolutionary IT changes. According to the authors, these changes have combined to create an entirely new paradigm for competitive information processing - now and for the future...

תיאור מלא

שמור ב:
מידע ביבליוגרפי
מחבר ראשי: Tapscott, Don
פורמט: ספר
שפה:Undetermined
יצא לאור: New York McGraw-Hill 1993
נושאים:
תגים: הוספת תג
אין תגיות, היה/י הראשונ/ה לתייג את הרשומה!
Thư viện lưu trữ: Trung tâm Học liệu Trường Đại học Cần Thơ
LEADER 01073nam a2200217Ia 4500
001 CTU_219458
008 210402s9999 xx 000 0 und d
020 |c 0.49 
082 |a 658.4038 
082 |b T172 
100 |a Tapscott, Don 
245 0 |a Paradigm shift : 
245 4 |b The new promise of information technology 
245 0 |c Don Tapscott, Art Caston 
260 |a New York 
260 |b McGraw-Hill 
260 |c 1993 
520 |a This easy-to-read, non-technical book examines and synthesizes the lessons of leading edge companies grappling with seven revolutionary IT changes. According to the authors, these changes have combined to create an entirely new paradigm for competitive information processing - now and for the future. This book zeros in on changes such as the shift from proprietary to open systems, from host-based to network-based systems, and stand-alone to integrated software applications. 
650 |a Organizational change,Thay đổi tổ chức 
904 |i Hải 
980 |a Trung tâm Học liệu Trường Đại học Cần Thơ